[Event "111063 12th Rakosmente Open"]
[Site "?"]
[Date "2015.04.18"]
[Round "3.8"]
[White "Benelcsak, Istvan"]
[Black "Geher, Koppany"]
[Result "0-1"]
[WhiteElo "1525"]
[BlackElo "1575"]
[PlyCount "54"]
[EventDate "2015.??.??"]

1. e4 e6 2. d4 d5 3. e5 c5 4. c3 Nc6 5. Bb5 Qb6 6. Bxc6+ bxc6 7. Ne2 Ba6 8. a4
Bxe2 9. Qxe2 cxd4 10. O-O dxc3 11. Nxc3 a5 12. Be3 d4 13. Bxd4 Qxd4 14. Rad1
Qb6 15. Ne4 Nh6 16. Qd3 Rd8 17. Qc3 Rd5 18. Rxd5 exd5 19. Nf6+ gxf6 20. exf6
Kd8 21. Qe5 Qc7 22. Qc3 Ng4 23. g3 h5 24. Re1 Rg8 25. Qf3 Qd6 26. Qb3 Qb4 27.
Qxb4 Bxb4 0-1

[Event "111063 12th Rakosmente Open"]
[Site "?"]
[Date "2015.04.18"]
[Round "3.10"]
[White "Geher, Bottyan"]
[Black "Vona, Zsolt"]
[Result "0-1"]
[WhiteElo "1084"]
[BlackElo "1294"]
[PlyCount "56"]
[EventDate "2015.??.??"]

1. e4 c5 2. Nc3 Nc6 3. d4 cxd4 4. Nb5 e5 5. Bc4 Nf6 6. Qf3 a6 7. Na3 Bc5 8. Bg5
O-O 9. Ne2 Be7 10. O-O d6 11. Ng3 Bg4 12. Qb3 b5 13. Bxf6 Bxf6 14. Bd5 Rc8 15.
h3 Na5 16. Qb4 Be6 17. Bxe6 fxe6 18. Rac1 Bg5 19. Rcd1 Be7 20. Qd2 Nc4 21. Nxc4
Rxc4 22. Qe2 Qc8 23. Rc1 g6 24. Rfd1 Bg5 25. Rb1 Rxc2 26. Qg4 Rfxf2 27. Qxg5
Rxg2+ 28. Kf1 Qc4+ 0-1

[Event "111063 12th Rakosmente Open"]
[Site "?"]
[Date "2015.04.18"]
[Round "4.1"]
[White "Gubics, Peter"]
[Black "Darazs, Zoltan"]
[Result "1/2-1/2"]
[WhiteElo "2107"]
[BlackElo "2179"]
[PlyCount "127"]
[EventDate "2015.??.??"]
[SourceDate "2015.07.12"]

1. Nf3 Nf6 2. c4 g6 3. Nc3 d5 4. cxd5 Nxd5 5. Nxd5 Qxd5 6. g3 Bg7 7. Bg2 O-O 8.
O-O Nc6 9. d3 Qb5 10. a4 Qh5 11. Qb3 Rb8 12. Bf4 e5 13. Be3 Be6 14. Qc2 Bd5 15.
a5 a6 16. Ra4 Qf5 17. Bc5 Bxf3 18. Bxf3 Rfd8 19. Bxc6 bxc6 20. Ba3 Rd4 21. Qxc6
Qd7 22. Qxd7 Rxd7 23. Rc1 Bf8 24. Bxf8 Kxf8 25. Rc2 Rb5 26. Rac4 Rxa5 27. Rxc7
Rxc7 28. Rxc7 Rb5 29. Rc2 Ke7 30. Kf1 a5 31. Ke1 a4 32. Kd1 Kd6 33. Kc1 Rb4 34.
Rc8 e4 35. Kc2 exd3+ 36. exd3 Rb7 37. Ra8 Re7 38. Rxa4 Re2+ 39. Kc3 Rxf2 40. h4
f5 41. Rd4+ Ke6 42. Rf4 Rg2 43. Rf3 Kd5 44. Re3 h6 45. d4 Rf2 46. b4 f4 47.
Re5+ Kd6 48. gxf4 Rxf4 49. h5 gxh5 50. Rxh5 Rf6 51. Kc4 Kc6 52. b5+ Kb6 53. Rh1
Rg6 54. Ra1 Kb7 55. Kc5 h5 56. Rf1 Rg7 57. b6 h4 58. Rf4 Rh7 59. d5 h3 60. Ra4
Rh5 61. Ra7+ Kb8 62. Ra1 h2 63. Rh1 Kb7 64. Kd4 1/2-1/2

[Event "111063 12th Rakosmente Open"]
[Site "?"]
[Date "2015.04.18"]
[Round "4.2"]
[White "Yip, Michael"]
[Black "Bolyai, Istvan"]
[Result "1/2-1/2"]
[WhiteElo "1990"]
[BlackElo "1952"]
[PlyCount "31"]
[EventDate "2015.??.??"]

1. d4 f5 2. g3 g6 3. Bg2 Bg7 4. Nf3 Nf6 5. O-O O-O 6. c4 d6 7. Nc3 Qe8 8. d5 e5
9. dxe6 Bxe6 10. Ng5 Bc8 11. Re1 h6 12. Nh3 Nc6 13. e4 fxe4 14. Nxe4 Qd8 15.
Nf4 Bf5 16. Nxf6+ 1/2-1/2

[Event "111063 12th Rakosmente Open"]
[Site "?"]
[Date "2015.04.18"]
[Round "4.3"]
[White "Balla, Attila"]
[Black "Palla, Akos Botond"]
[Result "0-1"]
[WhiteElo "1811"]
[BlackElo "2076"]
[PlyCount "88"]
[EventDate "2015.??.??"]

1. Nf3 Nf6 2. g3 d5 3. d3 c6 4. Bg2 Bg4 5. Nbd2 e6 6. O-O Be7 7. e4 O-O 8. e5
Ne8 9. h3 Bh5 10. g4 Bg6 11. Re1 Qb6 12. Nf1 c5 13. h4 h6 14. h5 Bh7 15. g5
hxg5 16. Nxg5 Nc6 17. Nxh7 Kxh7 18. c3 f6 19. exf6 Rxf6 20. Qg4 Nc7 21. Nh2
Raf8 22. Nf3 Rf5 23. Qg6+ Kg8 24. h6 R8f7 25. b3 d4 26. Ng5 Bxg5 27. Bxg5 dxc3
28. Bh3 Ne5 29. Rxe5 Rxe5 30. h7+ Kh8 31. Qxf7 Rxg5+ 32. Kf1 Kxh7 33. Qf4 Rh5
34. Bg2 Nd5 35. Be4+ Kg8 36. Qf3 Nf6 37. Bxb7 Rf5 38. Qg2 c4 39. dxc4 Ng4 40.
Bf3 Ne3+ 41. fxe3 Qxe3 42. Qe2 Rxf3+ 43. Ke1 Qg1+ 44. Qf1 Qxf1# 0-1

[Event "111063 12th Rakosmente Open"]
[Site "?"]
[Date "2015.04.18"]
[Round "4.4"]
[White "Sulcz, Istvan"]
[Black "Geher, Koppany"]
[Result "1/2-1/2"]
[WhiteElo "1951"]
[BlackElo "1575"]
[PlyCount "73"]
[EventDate "2015.??.??"]

1. d4 Nf6 2. Nf3 g6 3. c4 Bg7 4. Nc3 d5 5. cxd5 Nxd5 6. e4 Nxc3 7. bxc3 O-O 8.
Be3 c5 9. Rc1 cxd4 10. cxd4 Nc6 11. d5 Ne5 12. Nxe5 Bxe5 13. Qd2 Bd7 14. Be2
Bg7 15. O-O a6 16. f4 Rc8 17. Rxc8 Qxc8 18. Rc1 Qb8 19. Qb4 Rc8 20. Rxc8+ Qxc8
21. Qxe7 Qc3 22. Qd8+ Bf8 23. Qb6 Qe1+ 24. Bf1 Bb5 25. h3 Qxf1+ 26. Kh2 Qd3 27.
Bd4 Be7 28. Qa7 Kf8 29. Qb8+ Be8 30. Be5 Bh4 31. Qd6+ Be7 32. Bg7+ Kxg7 33.
Qxe7 Bb5 34. Qe5+ Kg8 35. Qb8+ Kg7 36. Qe5+ Kg8 37. Qb8+ 1/2-1/2

[Event "111063 12th Rakosmente Open"]
[Site "?"]
[Date "2015.04.18"]
[Round "4.5"]
[White "Olah, Laszlo Istvan"]
[Black "Mako, Zoltan"]
[Result "0-1"]
[WhiteElo "1616"]
[BlackElo "1888"]
[PlyCount "94"]
[EventDate "2015.??.??"]

1. e4 d6 2. d4 Nf6 3. Nc3 g6 4. Bg5 Bg7 5. f4 O-O 6. Nf3 Bg4 7. Be2 h6 8. Bxf6
Bxf6 9. e5 Bg7 10. h3 Bd7 11. Bd3 a5 12. Qe2 Na6 13. a3 c5 14. g4 cxd4 15. Nxd4
dxe5 16. fxe5 e6 17. O-O-O Qg5+ 18. Qd2 Qxd2+ 19. Rxd2 Bxe5 20. Nde2 Bc6 21.
Be4 Bxe4 22. Nxe4 Rfd8 23. Rhd1 Rxd2 24. Rxd2 f5 25. gxf5 exf5 26. Rd5 Re8 27.
N4c3 b6 28. Kb1 Kf7 29. Nb5 Nc7 30. Rd7+ Re7 31. Rxe7+ Kxe7 32. Nxc7 Bxc7 33.
b4 axb4 34. axb4 Kf6 35. c4 f4 36. Kc2 Kg5 37. Kd3 Kh4 38. Ke4 g5 39. Nc3 Kg3
40. Nd5 Bd8 41. c5 bxc5 42. bxc5 f3 43. c6 Kxh3 44. Kxf3 g4+ 45. Kf2 Kh2 46.
Nf6 g3+ 47. Kf3 h5 0-1

[Event "111063 12th Rakosmente Open"]
[Site "?"]
[Date "2015.04.18"]
[Round "4.6"]
[White "Szoukup, Istvan"]
[Black "Timko, Gyula"]
[Result "1-0"]
[WhiteElo "1714"]
[BlackElo "1625"]
[PlyCount "97"]
[EventDate "2015.??.??"]
[SourceDate "2015.07.14"]

1. e4 g6 2. d4 Bg7 3. Nc3 d6 4. Nf3 a6 5. Be2 b5 6. O-O Bb7 7. a3 Nf6 8. e5 Nd5
9. Nxd5 Bxd5 10. Bg5 O-O 11. Qd2 Re8 12. Bh6 Bh8 13. a4 bxa4 14. Rxa4 Qd7 15.
Rfa1 Qc8 16. Qf4 f5 17. exf6 exf6 18. Bb5 Re4 19. Bc4 Qe6 20. Bxd5 Qxd5 21. c4
Rxf4 22. cxd5 Re4 23. b4 Kf7 24. b5 Nd7 25. bxa6 Nb6 26. Ra5 g5 27. Bxg5 Kg6
28. Be3 Nc4 29. Rb5 Nb6 30. a7 f5 31. Nd2 Ree8 32. Nb3 h5 33. h4 Kf6 34. g3 Kf7
35. Rba5 Nc4 36. Rb5 Nb6 37. Rb4 Nxd5 38. Rb7 Rec8 39. Ra6 Ke6 40. Nc5+ Ke7 41.
Na4 Kd7 42. Bf4 Nxf4 43. gxf4 Bxd4 44. Kf1 Re8 45. Nb6+ Kc6 46. Nxa8+ Kxb7 47.
Nxc7 Ra8 48. Nxa8 Kxa6 49. Nc7+ 1-0

[Event "111063 12th Rakosmente Open"]
[Site "?"]
[Date "2015.04.18"]
[Round "4.7"]
[White "Geher, Laszlo"]
[Black "Safar, Istvan"]
[Result "1-0"]
[WhiteElo "1877"]
[BlackElo "1736"]
[PlyCount "89"]
[EventDate "2015.??.??"]

1. e4 c5 2. Nf3 Nc6 3. d4 cxd4 4. Nxd4 Nf6 5. Nc3 e5 6. Ndb5 a6 7. Nd6+ Bxd6 8.
Qxd6 Qe7 9. Qxe7+ Nxe7 10. Bg5 Neg8 11. O-O-O h6 12. Bh4 Ne7 13. Bxf6 gxf6 14.
Rd6 f5 15. exf5 Nxf5 16. Rf6 Ne7 17. Bc4 Rh7 18. Re1 Nc6 19. Nd5 Kf8 20. Nb6
Rb8 21. Re3 h5 22. Ref3 Nd8 23. R3f5 d5 24. Nxc8 dxc4 25. Nb6 Kg7 26. Nxc4 Rh6
27. Rxh6 Kxh6 28. Nxe5 b5 29. Rf6+ Kg5 30. Rxa6 Rb7 31. Kd2 Kf5 32. Rd6 Ne6 33.
Nf3 b4 34. c3 bxc3+ 35. Kxc3 Rc7+ 36. Kd2 Nc5 37. Rd5+ Kg6 38. Ne5+ Kh6 39. b4
Ne4+ 40. Ke3 f5 41. f3 Ng5 42. Rd6+ Kh7 43. Rd7+ Rxd7 44. Nxd7 Ne6 45. b5 1-0

[Event "111063 12th Rakosmente Open"]
[Site "?"]
[Date "2015.04.18"]
[Round "4.8"]
[White "Vona, Zsolt"]
[Black "Lakatos, Tamas"]
[Result "0-1"]
[WhiteElo "1294"]
[BlackElo "1615"]
[PlyCount "68"]
[EventDate "2015.??.??"]

1. e4 c6 2. d4 d5 3. Nc3 dxe4 4. Nxe4 Bf5 5. Ng3 Bg6 6. h4 h6 7. Nf3 Nd7 8. h5
Bh7 9. Bd3 Bxd3 10. Qxd3 e6 11. Bd2 Ngf6 12. Rh4 Be7 13. O-O-O Qb6 14. Ne5 Nxe5
15. dxe5 Nd5 16. Rg4 O-O-O 17. Qb3 Qxb3 18. cxb3 Rhg8 19. Ra4 Kb8 20. Kb1 Nb6
21. Re4 Rd7 22. Kc2 Rgd8 23. Ree1 Nd5 24. Ne4 Bb4 25. a3 Bxd2 26. Rxd2 Ne7 27.
Red1 Rxd2+ 28. Rxd2 Rxd2+ 29. Kxd2 Kc7 30. Nd6 f6 31. exf6 Kxd6 32. fxg7 Ke5
33. g4 Kf6 34. g5+ Kxg5 0-1

[Event "111063 12th Rakosmente Open"]
[Site "?"]
[Date "2015.04.18"]
[Round "4.9"]
[White "Geher, Bottyan"]
[Black "Wallis, Janos"]
[Result "0-1"]
[WhiteElo "1084"]
[BlackElo "1355"]
[PlyCount "75"]
[EventDate "2015.??.??"]

1. e4 e5 2. Nf3 Nc6 3. Bb5 Nf6 4. d3 Bc5 5. Bxc6 dxc6 6. Nxe5 Qd4 7. Be3 Qxb2
8. Nd2 Bxe3 9. Nec4 Bxd2+ 10. Nxd2 O-O 11. O-O Qe5 12. Nf3 Qh5 13. e5 Ng4 14.
d4 Qg6 15. h3 Nh6 16. Nh4 Qg5 17. Nf3 Qg6 18. Nh4 Qe6 19. Qd3 Nf5 20. Nf3 Qg6
21. Rfe1 Nh6 22. Qxg6 hxg6 23. Re4 Bf5 24. Re2 Rad8 25. c4 Be6 26. Rc1 Nf5 27.
Rd2 Rd7 28. g4 Ne7 29. Rb2 b6 30. c5 Nd5 31. cxb6 cxb6 32. Rxc6 Nf4 33. h4 Bd5
34. Rc3 Bxf3 35. Rxf3 Rxd4 36. Kh2 Nd3 37. Rd2 Nxe5 38. Re3 0-1

[Event "111063 12th Rakosmente Open"]
[Site "?"]
[Date "2015.04.19"]
[Round "5.2"]
[White "Yip, Michael"]
[Black "Gubics, Peter"]
[Result "0-1"]
[WhiteElo "1990"]
[BlackElo "2107"]
[PlyCount "74"]
[EventDate "2015.??.??"]

1. d4 Nf6 2. c4 g6 3. Nc3 d5 4. cxd5 Nxd5 5. e4 Nxc3 6. bxc3 Bg7 7. Bc4 c5 8.
Ne2 O-O 9. Be3 Qc7 10. Rc1 Rd8 11. O-O a6 12. Qd2 b5 13. Bd3 Nd7 14. f4 Bb7 15.
f5 Nf6 16. e5 Ng4 17. fxg6 hxg6 18. Bf4 Qc6 19. Rf3 c4 20. Ng3 cxd3 21. h3 Qd7
22. Rff1 Nxe5 23. dxe5 Rac8 24. Rce1 Qd5 25. Ne4 Qc4 26. Ng5 Qxc3 27. Qf2 Bd5
28. Bd2 Qc5 29. Be3 Qc2 30. Bd2 Qc5 31. Be3 Qc2 32. Bd2 Qxa2 33. e6 f5 34. Ra1
Qc4 35. Rac1 Qd4 36. Be3 Qb2 37. Bd2 Bd4 0-1

[Event "111063 12th Rakosmente Open"]
[Site "?"]
[Date "2015.04.19"]
[Round "5.3"]
[White "Bolyai, Istvan"]
[Black "Szoukup, Istvan"]
[Result "1/2-1/2"]
[WhiteElo "1952"]
[BlackElo "1714"]
[PlyCount "26"]
[EventDate "2015.??.??"]

1. e4 e5 2. Nf3 Nc6 3. Bc4 Nf6 4. Ng5 d5 5. exd5 Na5 6. Bb5+ Bd7 7. Qe2 Bd6 8.
d4 O-O 9. dxe5 Bxe5 10. O-O Re8 11. Qd3 Bxb5 12. Qxb5 Qxd5 13. Qxd5 Nxd5
1/2-1/2

[Event "111063 12th Rakosmente Open"]
[Site "?"]
[Date "2015.04.19"]
[Round "5.4"]
[White "Mako, Zoltan"]
[Black "Sulcz, Istvan"]
[Result "1-0"]
[WhiteElo "1888"]
[BlackElo "1951"]
[PlyCount "43"]
[EventDate "2015.??.??"]

1. e4 c5 2. Nf3 Nc6 3. c4 d6 4. Nc3 g6 5. d3 Bg7 6. Be2 e6 7. O-O Nge7 8. Rb1
O-O 9. Be3 f5 10. exf5 Nxf5 11. Bg5 Bf6 12. Bxf6 Qxf6 13. Ne4 Qe7 14. Re1 Nfd4
15. Nxd4 Nxd4 16. Bg4 Bd7 17. Qd2 h5 18. Bd1 Rae8 19. Qh6 Rf7 20. Qxg6+ Kh8 21.
Bxh5 Nf5 22. Qxf7 1-0

[Event "111063 12th Rakosmente Open"]
[Site "?"]
[Date "2015.04.19"]
[Round "5.5"]
[White "Geher, Koppany"]
[Black "Geher, Laszlo"]
[Result "1/2-1/2"]
[WhiteElo "1575"]
[BlackElo "1877"]
[PlyCount "96"]
[EventDate "2015.??.??"]

1. e4 d6 2. d4 Nf6 3. Nc3 g6 4. f3 Bg7 5. Be3 c6 6. Bc4 b5 7. Bb3 a5 8. a4 b4
9. Nce2 Ba6 10. Qd2 Nbd7 11. Rc1 Nb6 12. c4 O-O 13. c5 dxc5 14. Rxc5 Bb7 15.
Bh6 Nbd7 16. Rc1 Rc8 17. Bxg7 Kxg7 18. Nf4 e5 19. Nfe2 Qb6 20. dxe5 Nxe5 21.
Nf4 Rfd8 22. Qf2 Qxf2+ 23. Kxf2 g5 24. Rc5 Nfd7 25. Nh5+ Kg6 26. Rxa5 Kxh5 27.
h4 Kg6 28. hxg5 Nd3+ 29. Ke3 N7c5 30. Ra7 Ra8 31. Rxa8 Rxa8 32. Bc4 Nxb2 33.
Ba2 Rxa4 34. Bb1 Ra3+ 35. Kf4 Nbd3+ 36. Kg4 Bc8+ 37. Kg3 Ra1 38. Ne2 Be6 39. e5
Ba2 40. Bxd3+ Nxd3 41. Rxa1 b3 42. Nc3 Nb4 43. Nxa2 bxa2 44. f4 Kf5 45. Kf3 c5
46. g4+ Ke6 47. Ke4 Kd7 48. Kf5 Ke7 1/2-1/2

[Event "111063 12th Rakosmente Open"]
[Site "?"]
[Date "2015.04.19"]
[Round "5.6"]
[White "Wallis, Janos"]
[Black "Balla, Attila"]
[Result "0-1"]
[WhiteElo "1355"]
[BlackElo "1817"]
[PlyCount "94"]
[EventDate "2015.??.??"]
[SourceDate "2015.07.15"]

1. e4 e5 2. d4 exd4 3. Qxd4 Nc6 4. Qa4 Nf6 5. Nc3 Bc5 6. Bg5 Bxf2+ 7. Kxf2 Ng4+
8. Ke1 Qxg5 9. Nf3 Qe3+ 10. Be2 O-O 11. Nd1 Qc5 12. Qc4 Qxc4 13. Bxc4 Nge5 14.
Bb3 a5 15. a3 a4 16. Ba2 Nxf3+ 17. gxf3 Nd4 18. Kf2 c6 19. Ne3 d6 20. Rag1 Be6
21. Bxe6 fxe6 22. Rg3 Rf7 23. Rd1 c5 24. c3 Nb5 25. Nc4 Rd8 26. Nb6 Na7 27. c4
Nc6 28. Nxa4 Nd4 29. Rd3 Rdf8 30. b4 Ra8 31. bxc5 Rxa4 32. Rxd4 dxc5 33. Rd8+
Rf8 34. Rd7 Rf7 35. Rd8+ Rf8 36. Rd7 g6 37. Rh3 Rxa3 38. Rhxh7 Raxf3+ 39. Kg2
R8f7 40. Rhxf7 Rxf7 41. Rd6 Re7 42. Rb6 Kg7 43. Kg3 Kf6 44. Kf4 g5+ 45. Ke3 Ke5
46. h3 Rh7 47. Rb5 Rxh3+ 0-1

[Event "111063 12th Rakosmente Open"]
[Site "?"]
[Date "2015.04.19"]
[Round "5.7"]
[White "Lakatos, Tamas"]
[Black "Safar, Istvan"]
[Result "1/2-1/2"]
[WhiteElo "1615"]
[BlackElo "1736"]
[PlyCount "55"]

1. e4 d6 2. d4 c6 3. Be2 g6 4. f4 Bg7 5. Nc3 Nd7 6. Nf3 Qc7 7. O-O e6 8. Bd2
Ne7 9. Qe1 O-O 10. Qg3 c5 11. Be3 b6 12. Rad1 a6 13. Ng5 h6 14. Nf3 Nf6 15. h3
Bb7 16. e5 dxe5 17. dxe5 Nf5 18. Qf2 Ne4 19. Nxe4 Bxe4 20. Bd3 Bxd3 21. Rxd3
Rad8 22. Rfd1 Rxd3 23. Rxd3 Rd8 24. Qd2 Rxd3 25. Qxd3 Nxe3 26. Qxe3 Qd8 27. Qe2
b5 28. Kf2 1/2-1/2

[Event "111063 12th Rakosmente Open"]
[Site "?"]
[Date "2015.04.19"]
[Round "5.8"]
[White "Timko, Gyula"]
[Black "Olah, Laszlo Istvan"]
[Result "1-0"]
[WhiteElo "1625"]
[BlackElo "1616"]
[PlyCount "135"]

1. d4 Nf6 2. Nf3 g6 3. Bg5 Bg7 4. Nbd2 h6 5. Bf4 O-O 6. h3 d6 7. e3 Nbd7 8. Bc4
c5 9. c3 Nb6 10. Be2 cxd4 11. cxd4 Nbd5 12. Bh2 Bf5 13. Nh4 Bd7 14. O-O g5 15.
Nhf3 Bf5 16. Qb3 Qb6 17. Qxb6 Nxb6 18. g4 Bh7 19. Ne1 Ne4 20. Nxe4 Bxe4 21. Bf3
Bxf3 22. Nxf3 Rac8 23. Rac1 Na4 24. b3 Nb6 25. Nd2 Nd5 26. Nb1 e5 27. dxe5 dxe5
28. Na3 Nc3 29. Rc2 Nd5 30. Rfc1 Nb6 31. Nc4 Nxc4 32. Rxc4 Rxc4 33. Rxc4 Rd8
34. Rc7 Rd2 35. a4 b6 36. Rxa7 Rb2 37. Rb7 Rxb3 38. a5 b5 39. a6 Ra3 40. a7 Kh7
41. Rxf7 Kg6 42. Rb7 b4 43. Rxb4 Rxa7 44. Rb6+ Kh7 45. Kg2 Re7 46. Bg3 e4 47.
Rc6 Be5 48. Bxe5 Rxe5 49. Rf6 Kg7 50. Ra6 Re7 51. Ra3 Re5 52. f4 exf3+ 53. Kxf3
Kf6 54. Ra6+ Kg7 55. Rd6 Kh7 56. Rf6 Kg7 57. Rf5 Rxf5+ 58. gxf5 Kf6 59. e4 h5
60. Kg3 Ke5 61. Kf3 Kf6 62. Kg3 Ke5 63. Kf3 Kf6 64. Ke2 Ke5 65. Ke3 Kf6 66. Kd4
g4 67. h4 g3 68. Ke3 1-0

[Event "111063 12th Rakosmente Open"]
[Site "?"]
[Date "2015.04.19"]
[Round "5.10"]
[White "Belencsak, Istvan"]
[Black "Geher, Bottyan"]
[Result "1-0"]
[WhiteElo "1525"]
[BlackElo "1084"]
[PlyCount "74"]

1. e4 e5 2. Nf3 Nc6 3. Bc4 Bc5 4. c3 Nf6 5. O-O O-O 6. d3 h6 7. b4 Be7 8. Bd5
b5 9. Bxc6 dxc6 10. Nxe5 Qd6 11. Nf3 Qd7 12. Qe2 Rd8 13. d4 Bb7 14. Nbd2 Qe6
15. Re1 a5 16. bxa5 Rxa5 17. Nb3 Ra3 18. Bxa3 Bxa3 19. Qc2 c5 20. d5 Qa6 21.
Nbd2 c4 22. Rad1 Bc5 23. Nf1 Ng4 24. Nd4 Qf6 25. h3 Ne5 26. Ne3 Nd3 27. Rxd3
cxd3 28. Qxd3 b4 29. Qc4 Bxd4 30. cxd4 Qb6 31. Rb1 Ba6 32. Qxb4 Qg6 33. Qe7 Rc8
34. Nf5 Kh7 35. Qd7 h5 36. Rb3 Bc4 37. Rg3 Qf6 1-0

[Event "111063 12th Rakosmente Open"]
[Site "?"]
[Date "2015.04.19"]
[Round "6.1"]
[White "Darazs, Zoltan"]
[Black "Mako, Zoltan"]
[Result "1-0"]
[WhiteElo "2179"]
[BlackElo "1888"]
[PlyCount "41"]
[SourceDate "2015.07.16"]

1. e4 d6 2. d4 Nf6 3. Nc3 g6 4. f4 Bg7 5. Nf3 O-O 6. Bd3 Nbd7 7. e5 Ne8 8. Ne4
d5 9. Ng3 c5 10. c3 e6 11. h4 h5 12. Ng5 cxd4 13. cxd4 Qc7 14. Bd2 Bh6 15. Nxh5
gxh5 16. Qxh5 Kg7 17. Nh7 Rg8 18. Rh3 Ndf6 19. Rg3+ Kh8 20. Qxh6 Rg6 21. Nxf6+
1-0

[Event "111063 12th Rakosmente Open"]
[Site "?"]
[Date "2015.04.19"]
[Round "6.2"]
[White "Gubics, Peter"]
[Black "Bolyai, Istvan"]
[Result "1-0"]
[WhiteElo "2107"]
[BlackElo "1952"]
[PlyCount "129"]

1. Nf3 d5 2. c4 d4 3. b4 Bf5 4. d3 e6 5. g3 Bxb4+ 6. Bd2 Bxd2+ 7. Nbxd2 c5 8.
Rb1 b6 9. Bg2 Nd7 10. Qa4 f6 11. Nh4 Rc8 12. Nxf5 exf5 13. Qxa7 Ne7 14. O-O O-O
15. Rb2 Re8 16. Nb1 Nc6 17. Qa4 Nce5 18. Na3 Qe7 19. Nb5 Rf8 20. Qa7 Qd8 21.
Bd5+ Kh8 22. h3 g6 23. f4 Nc6 24. Qa4 Qe7 25. Kg2 Ra8 26. Qd1 Rfc8 27. Qe1 Ra5
28. a3 Na7 29. Nxa7 Rxa7 30. Rb3 Re8 31. Bf3 g5 32. Qd2 Qg7 33. fxg5 fxg5 34.
Bc6 Qg6 35. Bd5 Re3 36. Rf3 f4 37. g4 Ne5 38. Rxe3 fxe3 39. Qe1 h5 40. Qg3 Nd7
41. Be4 Qf7 42. Bf5 h4 43. Qd6 Kg7 44. Qd5 Qe7 45. Rb1 Nf6 46. Qe6 Qb7+ 47. Be4
Nxe4 48. dxe4 Qe7 49. Qf5 Rb7 50. Rf1 Rd7 51. e5 Ra7 52. e6 Rxa3 53. Qe5+ Kg8
54. Qb8+ Kg7 55. Rf7+ Qxf7 56. exf7 Kxf7 57. Qc7+ Ke8 58. Qe5+ Kf7 59. Qf5+ Ke8
60. Qxg5 Ra2 61. Kf3 Ra1 62. Qxh4 Rb1 63. Ke4 Rc1 64. Ke5 Rc2 65. Ke6 1-0

[Event "111063 12th Rakosmente Open"]
[Site "?"]
[Date "2015.04.19"]
[Round "6.3"]
[White "Szoukup, Istvan"]
[Black "Geher, Koppany"]
[Result "0-1"]
[WhiteElo "1714"]
[BlackElo "1575"]
[PlyCount "120"]

1. e4 e6 2. d4 d5 3. Nc3 Nf6 4. e5 Nfd7 5. f4 c5 6. Nf3 Nc6 7. Be3 a6 8. a4
cxd4 9. Nxd4 Qb6 10. Qd2 Qxb2 11. Rb1 Qa3 12. Rb3 Qe7 13. Be2 Qd8 14. O-O Nxd4
15. Bxd4 Bc5 16. f5 Bxd4+ 17. Qxd4 O-O 18. f6 g6 19. Qf4 Kh8 20. Qh6 Rg8 21.
Nxd5 Qf8 22. Rh3 Qxh6 23. Rxh6 exd5 24. Rf4 Nf8 25. Rfh4 Be6 26. g4 Rc8 27. Bd3
Rc5 28. g5 d4 29. Re4 Ra5 30. Rxd4 Rxe5 31. h4 Rd5 32. Rb4 Nd7 33. Rxb7 Ne5 34.
h5 Nxd3 35. cxd3 Rxg5+ 36. Kf2 Rxh5 37. Rxh5 gxh5 38. Ra7 h4 39. Rxa6 h6 40.
Ra5 Rg5 41. Ra8+ Kh7 42. Rb8 h3 43. Rb4 Bd5 44. Rh4 Rg2+ 45. Kf1 h2 46. a5 Rg1+
47. Kf2 h1=Q 48. Rxh1 Rxh1 49. a6 Ra1 50. a7 Rxa7 51. d4 Ra3 52. Ke2 Kg6 53.
Kf2 Kf5 54. Ke2 Be6 55. d5 Bxd5 56. Kf2 Ke4 57. Kg2 Kf4+ 58. Kh2 Kg4 59. Kg1
Kf3 60. Kh1 Kg3+ 0-1

[Event "111063 12th Rakosmente Open"]
[Site "?"]
[Date "2015.04.19"]
[Round "6.4"]
[White "Sulcz, Istvan"]
[Black "Yip, Michael"]
[Result "1-0"]
[WhiteElo "1951"]
[BlackElo "1990"]
[PlyCount "53"]

1. Nf3 Nf6 2. d4 e6 3. g3 b6 4. Bg2 Bb7 5. c4 c6 6. O-O Be7 7. Qc2 O-O 8. Nc3
d5 9. Rd1 Na6 10. Ne5 Rc8 11. e4 dxc4 12. Nxc4 b5 13. Ne3 Qb6 14. Qe2 b4 15.
Nc4 Qd8 16. e5 bxc3 17. exf6 Bxf6 18. bxc3 Re8 19. Rb1 Ba8 20. Bf4 Be7 21. Ne5
Qa5 22. Qc4 Red8 23. Re1 Bf6 24. Nxf7 Kxf7 25. Qxe6+ Kf8 26. Bd6+ Rxd6 27.
Qxd6+ 1-0

[Event "111063 12th Rakosmente Open"]
[Site "?"]
[Date "2015.04.19"]
[Round "6.5"]
[White "Safar, Istvan"]
[Black "Timko, Gyula"]
[Result "1-0"]
[WhiteElo "1736"]
[BlackElo "1625"]
[PlyCount "121"]

1. d4 g6 2. g3 Bg7 3. Nf3 d6 4. Bg2 c6 5. O-O Nf6 6. c3 O-O 7. Re1 Nbd7 8. e4
e5 9. Bg5 h6 10. Bxf6 Bxf6 11. Qb3 Qc7 12. Nbd2 Nb6 13. Qc2 Bg7 14. Rac1 f5 15.
dxe5 dxe5 16. Nh4 g5 17. Nxf5 Bxf5 18. exf5 Nd5 19. Rcd1 Rae8 20. h3 Ne7 21.
Be4 Nd5 22. Qb3 Rd8 23. Nf1 Qb6 24. Qc2 Nf6 25. Bg2 Nh5 26. Kh2 Qc7 27. Ne3 Nf6
28. Nc4 Nd7 29. Be4 Nc5 30. f3 b5 31. Ne3 Nxe4 32. fxe4 Rd7 33. Rxd7 Qxd7 34.
Rd1 Qc7 35. Qd2 Qb6 36. Kg2 Qc7 37. Qd6 Qb6 38. Kf3 a5 39. a3 Rf7 40. Qd8+ Qxd8
41. Rxd8+ Rf8 42. Rxf8+ Kxf8 43. g4 Ke7 44. Ke2 Kd6 45. Kd3 Kc5 46. b4+ Kb6 47.
c4 axb4 48. axb4 bxc4+ 49. Kxc4 Bf6 50. Nd1 Be7 51. Nc3 Kc7 52. b5 cxb5+ 53.
Kxb5 Kd6 54. Nd5 Bf8 55. Nf6 Ke7 56. Nh7 Bg7 57. f6+ Bxf6 58. Nxf6 Kxf6 59. Kc5
Ke7 60. Kd5 Kf6 61. Kd6 1-0

[Event "111063 12th Rakosmente Open"]
[Site "?"]
[Date "2015.04.19"]
[Round "6.6"]
[White "Wallis, Janos"]
[Black "Belencsak, Istvan"]
[Result "1-0"]
[WhiteElo "1355"]
[BlackElo "1525"]
[PlyCount "49"]
[SourceDate "2015.07.16"]

1. e4 c5 2. Nf3 d6 3. d4 cxd4 4. Nxd4 Nf6 5. Nc3 a6 6. Bc4 e6 7. Be3 Be7 8. f3
Qc7 9. Bb3 Nc6 10. Qd2 Rb8 11. O-O-O b5 12. h3 Na5 13. Kb1 Nxb3 14. cxb3 b4 15.
Na4 Bd7 16. Rc1 Qa5 17. Nc6 Bxc6 18. Rxc6 O-O 19. Rhc1 Rfd8 20. Bb6 Rxb6 21.
Nxb6 d5 22. e5 Nh5 23. g4 Ng3 24. Qg2 Bh4 25. R1c5 1-0

[Event "111063 12th Rakosmente Open"]
[Site "?"]
[Date "2015.04.19"]
[Round "6.7"]
[White "Olah, Laszlo Istvan"]
[Black "Vona, Zsolt"]
[Result "1-0"]
[WhiteElo "1616"]
[BlackElo "1294"]
[PlyCount "69"]
[SourceDate "2015.07.17"]

1. e4 c5 2. Nf3 Nc6 3. d4 cxd4 4. Nxd4 Qb6 5. Nb3 Nf6 6. Nc3 e6 7. Be3 Qc7 8.
a3 a6 9. Bd3 Be7 10. f4 d6 11. g4 e5 12. f5 h5 13. g5 Nd7 14. Qf3 Qd8 15. h4 b5
16. O-O-O Nb6 17. Rdf1 Bb7 18. Bxb6 Qxb6 19. Nd5 Qd8 20. f6 gxf6 21. gxf6 Bf8
22. Rhg1 Bh6+ 23. Kb1 Bf4 24. Rg7 Nd4 25. Nxd4 Bxd5 26. exd5 Qxf6 27. Nf5 O-O-O
28. Qh3 Kc7 29. Be4 Rc8 30. Qd3 Rhg8 31. Rxg8 Rxg8 32. Qc3+ Kb6 33. Qc6+ Ka5
34. b4+ Ka4 35. Qc3 1-0